Famous Singers - Statistics

General Stats
  • This quiz has been taken 3,771 times
  • The average score is 10 of 15
Answer Stats
Hint Answer % Correct
________ Swift Taylor
99%
________ Bieber Justin
97%
________ Grande Ariana
94%
________ Mars Bruno
93%
________ Gomez Selena
93%
________ Cyrus Miley
92%
________ Styles Harry
91%
________ Perry Katy
90%
________ Spears Britney
88%
________ Azalea Iggy
58%
________ Brown Chris
55%
________ Mahone Austin
26%
________ Lloyd Cher
23%
________ Bryan Luke
22%
________ Gilbert Brantley
6%
No matching quizzes found
Score Distribution
Percent of People with Each Score
Percentile by Number Answered
Your Score History
You have not taken this quiz